| 000 | 01158cam a22003495i 4500 | ||
|---|---|---|---|
| 999 |
_c28694 _d28665 |
||
| 001 | 14570140 | ||
| 003 | EG-ScBUE | ||
| 005 | 20200908144951.0 | ||
| 008 | 060926t20072007ohua f 001 0 eng d | ||
| 020 | _a9781581808551 (pbk.) | ||
| 020 | _a1581808550 (pbk.) | ||
| 035 | _a(OCoLC)ocm71812765 | ||
| 035 | _a(OCoLC)71812765 | ||
| 040 |
_aDLC _beng _erda _cDLC _dYDX _dBAKER _dBTCTA _dUKM _dJN6 _dYDXCP _dQBX _dDLC _dEG-ScBUE |
||
| 082 | 0 | 4 |
_a701.82 _bMET _222 |
| 100 | 1 |
_aMetzger, Philip W., _d1931- _eauthor. |
|
| 245 | 1 | 4 |
_aThe art of perspective : _bthe ultimate guide for artists in every medium / _cPhil Metzger. |
| 250 | _aFirst edition. | ||
| 264 | 1 |
_aCincinnati, Ohio : _bNorth Light Books, _c[2007] |
|
| 264 | 4 | _cc2007 | |
| 300 |
_a208 pages : _billustrations (chiefly color) ; _c28 cm |
||
| 336 |
_atext _btxt _2rdacontent |
||
| 337 |
_aunmediated _bn _2rdamedia |
||
| 338 |
_avolume _bnc _2rdacarrier |
||
| 500 | _aIncludes index. | ||
| 500 | _aIncludes glossary. | ||
| 650 | 7 |
_aPerspective. _2BUEsh _939704 |
|
| 650 | 7 |
_aDrawing _xTechnique. _2BUEsh |
|
| 650 | 7 |
_aPainting _xTechnique. _2BUEsh |
|
| 653 |
_bENGARC _cSeptember2020 |
||
| 942 |
_2ddc _cBB |
||